000 00970nam a2200253Ia 4500
003 GCL
008 140319s9999 xx 000 0 ara d
040 _aGCL /
_cGCL
082 0 4 _aق
_b361.51
_bب ا
100 1 _aهيئة الاثار المصرية
245 1 0 _aالاثار والزلازل : اجراءات الطوارىء وتقدير الاضرار بعد الزلزال /
_cهيئة الاثار المصرية
700 1 _aمحمد ابراهيم بكر
700 1 _aبيشار، بيير
700 1 _aعلى غالب
700 1 _aهبة النشوتاتى
260 _aالقاهرة :
_bهيئة الاثار المصرية ،
_c1992
300 _a125 ص:
_bايض ؛
_c24 سم
490 _aسلسلة الثقافة الاثرية والتاريخية مشروع المائة كتاب
_v19
650 0 4 _aالزلازل
650 0 4 _aالاثار
650 0 4 _aترميم
650 0 4 _aالكوارث الطبيعية
942 _2ddc
_cBK
999 _c53048
_d53048